[Event "Alzira op 12th"]
[Site "Alzira"]
[Date "2022.12.28"]
[Round "4"]
[White "Fernandez Sanchez, Vicente"]
[Black "Domenech Briz, Jose"]
[Result "1/2-1/2"]
[WhiteElo "1574"]
[BlackElo "1708"]
[PlyCount "68"]
[EventDate "2022.12.27"]
[EventType "swiss"]
[EventRounds "8"]
[EventCountry "ESP"]
[SourceTitle "CBM 212 Extra"]
[Source "ChessBase"]
[SourceDate "2023.03.31"]
[SourceVersion "1"]
[SourceVersionDate "2023.03.31"]
[SourceQuality "1"]

1. Nf3 Nf6 2. d4 g6 3. Nbd2 Bg7 4. c3 0-0 5. Qc2 d6 6. g3 Nbd7 7. Bg2 e5 8. dxe5 Nxe5 9. Nxe5 dxe5 10. e4 Bg4 11. h3 Be6 12. 0-0 Qc8 13. Kh2 Nh5 14. b4 f5 15. exf5 gxf5 16. Bb2 Rf6 17. Nb3 f4 18. Qe4 c6 19. c4 Rh6 20. h4 Nf6 21. Qe2 Rg6 22. Be4 Nxe4 23. Qxe4 Bf5 24. Qe2 Qe6 25. Nc5 Qe7 26. Rad1 Bg4 27. Qe4 Bxd1 28. Rxd1 Rf8 29. Rd7 fxg3+ 30. fxg3 Rf2+ 31. Kg1 Qf8 32. Rxg7+ Kxg7 33. Qxe5+ Kg8 34. Qh8+ Kf7 1/2-1/2

[Event "Alzira op"]
[Site "Alzira"]
[Date "2018.06.09"]
[Round "7.4"]
[White "Domenech Briz, Jose"]
[Black "Simon Morales, Miguel Angel"]
[Result "0-1"]
[WhiteElo "1530"]
[BlackElo "1401"]
[PlyCount "64"]
[EventDate "2018.04.28"]
[EventType "swiss"]
[EventRounds "7"]
[EventCountry "ESP"]
[SourceTitle "EXT 2024"]
[Source "ChessBase"]
[SourceDate "2023.10.10"]
[SourceVersion "1"]
[SourceVersionDate "2023.10.10"]
[SourceQuality "1"]

1. e4 c5 2. Nf3 d6 3. d4 cxd4 4. Nxd4 Nc6 5. Nc3 a6 6. Be3 Nf6 7. f3 e6 8. Qd2 Be7 9. 0-0-0 0-0 10. g4 Ne5 11. g5 Nfd7 12. h4 Nb6 13. Bf2 d5 14. f4 Nec4 15. Bxc4 Nxc4 16. Qe2 Bb4 17. exd5 exd5 18. Nb3 Bxc3 19. bxc3 Bf5 20. Nd2 Re8 21. Qf1 Na3 22. Kb2 Nxc2 23. Qg1 Qa5 24. Bc5 Qb5+ 25. Nb3 Re2 26. Rh2 Rae8 27. Rxd5 Nd4+ 28. Kc1 Re1+ 29. Qxe1 Rxe1+ 30. Kb2 Rb1+ 31. Ka3 Rxb3+ 32. axb3 Qxb3# 0-1

[Event "Xativa Murta op 3rd"]
[Site "Xativa"]
[Date "2017.07.21"]
[Round "7"]
[White "Domenech Briz, Jose"]
[Black "Pallas Moragues, Gerard"]
[Result "1/2-1/2"]
[WhiteElo "1395"]
[BlackElo "1458"]
[PlyCount "47"]
[EventDate "2017.07.17"]
[EventType "swiss"]
[EventRounds "7"]
[EventCountry "ESP"]
[SourceTitle "CBM 179 Extra"]
[Source "ChessBase"]
[SourceDate "2017.08.23"]
[SourceVersion "1"]
[SourceVersionDate "2017.08.23"]
[SourceQuality "1"]

1. e4 e5 2. Nf3 Nc6 3. Bc4 Be7 4. 0-0 Nf6 5. Re1 d6 6. c3 0-0 7. h3 Na5 8. Bb5 a6 9. Ba4 b5 10. Bc2 c5 11. d4 Qc7 12. d5 Nb7 13. Nbd2 Re8 14. Nf1 Bf8 15. Ng3 g6 16. b4 Bg7 17. Be3 a5 18. a4 axb4 19. cxb4 cxb4 20. Bd3 bxa4 21. Rxa4 Bd7 22. Rxb4 Rab8 23. Rc4 Qd8 24. Qc2 1/2-1/2

[Event "Xativa Social Club"]
[Site "Xativa"]
[Date "2017.06.03"]
[Round "6"]
[White "Benavent Montell, Andreu"]
[Black "Domenech Briz, Jose"]
[Result "1-0"]
[WhiteElo "1410"]
[BlackElo "1371"]
[PlyCount "62"]
[EventDate "2017.04.29"]
[EventType "swiss"]
[EventRounds "7"]
[EventCountry "ESP"]
[SourceTitle "EXT 2024"]
[Source "ChessBase"]
[SourceDate "2023.10.10"]
[SourceVersion "1"]
[SourceVersionDate "2023.10.10"]
[SourceQuality "1"]

1. e4 c5 2. Nf3 Nc6 3. Bb5 a6 4. Bxc6 dxc6 5. Nc3 Nf6 6. d3 Bg4 7. h3 Bh5 8. Be3 e6 9. e5 Nd5 10. Bg5 Bxf3 11. Qd2 f6 12. exf6 gxf6 13. gxf3 fxg5 14. 0-0-0 Qf6 15. Ne4 Qf5 16. Rhg1 h6 17. c4 Nf6 18. Qc3 Be7 19. h4 0-0-0 20. hxg5 Nxe4 21. dxe4 Bxg5+ 22. Kb1 Qf4 23. Rgf1 Rd2 24. Qxh8+ Kc7 25. Rxd2 Qxd2 26. Qc3 Qe2 27. Re1 Qxf2 28. Qa5+ Kc8 29. Rd1 Qxf3 30. Qe1 Bh4 31. Qh1 Qxh1 1-0

[Event "Xativa Social Club"]
[Site "Xativa"]
[Date "2017.05.13"]
[Round "3.4"]
[White "Lopez Sardinas, Alexis Adalberto"]
[Black "Domenech Briz, Jose"]
[Result "0-1"]
[WhiteElo "1037"]
[BlackElo "1371"]
[PlyCount "56"]
[EventDate "2017.04.29"]
[EventType "swiss"]
[EventRounds "7"]
[EventCountry "ESP"]
[SourceTitle "EXT 2024"]
[Source "ChessBase"]
[SourceDate "2023.10.10"]
[SourceVersion "1"]
[SourceVersionDate "2023.10.10"]
[SourceQuality "1"]

1. d4 Nf6 2. Nf3 g6 3. c4 Bg7 4. Nc3 0-0 5. e4 d6 6. Be2 e5 7. d5 Nbd7 8. 0-0 Ne8 9. b4 f5 10. Ng5 Ndf6 11. Ne6 Bxe6 12. dxe6 fxe4 13. Nxe4 Nxe4 14. Qd5 Nc3 15. e7+ Nxd5 16. exd8Q Rxd8 17. cxd5 e4 18. Bg5 Bf6 19. Bxf6 Nxf6 20. Rfd1 Rde8 21. Rac1 Re7 22. Rc3 Kg7 23. Bc4 Ref7 24. f3 exf3 25. Rxf3 Ne4 26. Rxf7+ Rxf7 27. Re1 Nd2 28. Bd3 Rf4 0-1